000
00311 a2200133 4500
082
_a
070
090
_c
3190
_d
3190
100
_a
Khalid, A. R.
245
_a
Fane Khabar Nawasi
_c
A. R. Khalid
260
_a
Lahore:
_b
Maqtaba-e-Karwan.
300
_a
144 p. ;
_c
24 cm.
650
_a
Journalism.
942
_c
BK
_k
070 KHA
999
_c
7105
_d
7105